Labour demands and their adjudication. V 2. (Record no. 26315)

MARC details
000 -LEADER
fixed length control field 00321nam a2200121Ia 4500
082 ## - DEWEY DECIMAL CLASSIFICATION NUMBER
Classification number 331.522
Item number KOT.2
100 ## - MAIN ENTRY--AUTHOR NAME
Personal name KOTHARI, G M
245 #0 - TITLE STATEMENT
Title Labour demands and their adjudication. V 2.
260 ## - PUBLICATION, DISTRIBUTION, ETC. (IMPRINT)
Place of publication Bombay
Name of publisher NM Tripathi
Year of publication 1977
650 ## - SUBJECT ADDED ENTRY--TOPICAL TERM
Topical Term Labour disputes
942 ## - ADDED ENTRY ELEMENTS (KOHA)
Koha item type Books
Holdings
Withdrawn status Lost status Damaged status Not for loan Home library Current library Date acquired Full call number Accession Number Koha item type
        RRII Library RRII Library 16/12/2021 331.522 KOT.2 06952 Books